28 tools for your business, cloud computing 2 linux destrol (Record no. 139488)

000 -LEADER
fixed length control field 00305nmm a2200097Ia 4500
008 - FIXED-LENGTH DATA ELEMENTS--GENERAL INFORMATION
fixed length control field 220120s9999||||xx |||||||||||||||||und||
020 ## - INTERNATIONAL STANDARD BOOK NUMBER
International Standard Book Number 81-7808-018-4
100 ## - MAIN ENTRY--PERSONAL NAME
Personal name PCQ JUNE 2010
9 (RLIN) 11220
245 #0 - TITLE STATEMENT
Title 28 tools for your business, cloud computing 2 linux destrol
260 ## - PUBLICATION, DISTRIBUTION, ETC.
Place of publication, distribution, etc. Cyber tach publication
Name of publisher, distributor, etc. Delhi
Date of publication, distribution, etc. 2010
Holdings
Withdrawn status Lost status Damaged status Not for loan Home library Current library Date acquired Barcode Date last seen Price effective from Koha item type
        Central Library Central Library 01/20/2022 CD1039 01/20/2022 01/20/2022 Compact Disc

Powered by Koha